Energy Efficiency in Buildings/ (Record no. 208771)

MARC details
000 -LEADER
fixed length control field 00702nam a2200217 4500
005 - DATE AND TIME OF LATEST TRANSACTION
control field 20250124163232.0
010 ## - LCCN (DPL NO)
LC control number ENG-143552
020 ## - INTERNATIONAL STANDARD BOOK NUMBER
International Standard Book Number 9789394899926
Terms of availability 350.00
035 ## - SYSTEM CONTROL NUMBER
System control number EN-127084
037 ## - SOURCE OF ACQUISITION
Source of stock number/acquisition DBAD
082 ## - DEWEY DECIMAL CLASSIFICATION NUMBER
Classification number 720.4720954
100 ## - MAIN ENTRY--PERSONAL NAME
Personal name Ramesh, N.
245 ## - TITLE STATEMENT
Title Energy Efficiency in Buildings/
Statement of responsibility, etc by N.Ramesh...[et.al]
260 ## - PUBLICATION, DISTRIBUTION, ETC. (IMPRINT)
Place of publication, distribution, etc Madurai
Name of publisher, distributor, etc Shanlax Publications
Date of publication, distribution, etc 2022
270 ## - ADDRESS
Address 61,66 Vasantha Nagar
City Madurai
Postal code 625003
Electronic mail address shanlaxpublications@gmail.com
300 ## - PHYSICAL DESCRIPTION
Extent 200p.
Dimensions 24cm(Pb)
700 ## - ADDED ENTRY--PERSONAL NAME
Personal name Nirmala, R.
Relator term Author
9 (RLIN) 77024
700 ## - ADDED ENTRY--PERSONAL NAME
Personal name Bhagat, Sonali R.
Relator term Author
9 (RLIN) 77025
700 ## - ADDED ENTRY--PERSONAL NAME
Personal name Vijayan, D.S.
Relator term Author
9 (RLIN) 77026
942 ## - ADDED ENTRY ELEMENTS (KOHA)
Source of classification or shelving scheme Dewey Decimal Classification
Item type English Books
Classification part 720.4720954
Call number suffix NIR

No items available.


© Delhi Public Library
Hit Counter
free hit counter